El cazador de barcos / (Registro nro. 3566)

Detalles MARC
000 -LEADER
fixed length control field 00773nam a2200193Ia 4500
003 - CONTROL NUMBER IDENTIFIER
control field OSt
005 - DATE AND TIME OF LATEST TRANSACTION
control field 20250502125203.0
008 - FIXED-LENGTH DATA ELEMENTS--GENERAL INFORMATION
fixed length control field 191128s1979 ck er 000 f spa d
040 ## - CATALOGING SOURCE
Original cataloging agency CO-JMCR
Transcribing agency CO-JMCR
041 ## - LANGUAGE CODE
Language code of text/sound track or separate title spa
082 04 - DEWEY DECIMAL CLASSIFICATION NUMBER
Classification number A-N
Item number SCOc
100 1# - MAIN ENTRY--PERSONAL NAME
Personal name Scott, Justin,
Dates associated with a name 1944
Relator term autor
9 (RLIN) 8122
245 13 - TITLE STATEMENT
Title El cazador de barcos /
Statement of responsibility, etc. Justin Scott
260 ## - PUBLICATION, DISTRIBUTION, ETC.
Place of publication, distribution, etc. Bogotá :
Name of publisher, distributor, etc. Círculo de lectores,
Date of publication, distribution, etc. 1979
300 ## - PHYSICAL DESCRIPTION
Extent 421 páginas ;
Dimensions 20 cm.
520 ## - SUMMARY, ETC.
Summary, etc. "El cazador de barcos" es una historia cargada de suspense, que Justin Scott nos relata con una vibrante narrativa y un profundo conocimiento del mundo del mar y de los barcos. Desde 1979, año de su primera edición, ha fascinado a millones de lectores en
650 14 - SUBJECT ADDED ENTRY--TOPICAL TERM
Topical term or geographic name entry element Novela estadounidense
9 (RLIN) 8123
942 ## - ADDED ENTRY ELEMENTS (KOHA)
Source of classification or shelving scheme Dewey Decimal Classification
Koha item type Books
Existencias
Withdrawn status Lost status Source of classification or shelving scheme Damaged status Not for loan Collection code Home library Current library Date acquired Source of acquisition Full call number Barcode Date last seen Copy number Koha item type
    Dewey Decimal Classification     Fiction Biblioteca Pública José María del Castillo y Rada Biblioteca Pública José María del Castillo y Rada 11/28/2019 Donación A-N SCOc 201811419 11/28/2019 Ej.1 Books